Statistics for NBA Single Game Records

Click here to take the quiz!

General Stats

  • This quiz has been taken 36 times
  • The average score is 25 of 56

Answer Stats

Single Game Records Amt. Player % Correct
Most Points in a Game100Wilt Chamberlain
100%
Most field goals made in a game36Wilt Chamberlain
100%
Most rebounds in a game55Wilt Chamberlain
100%
Most points in a game in the modern era81Kobe Bryant
100%
Most free throws made in a game(Season)28Wilt Chamberlain/Adrian Dantley
100%
Most 2-point field goals attempted in a game63Wilt Chamberlain
100%
Most field goals made in a game, no misses18Wilt Chamberlain
100%
Most field goals attempted in a game63Wilt Chamberlain
100%
Most 2-point field goals made in a game36Wilt Chamberlain
100%
Most points in a game without a rebound61Kobe Bryant
100%
Most points in a game without an assist62Kobe Bryant/Carmelo Anthony
100%
Most points in a game without any fouls61Michael Jordan
83%
Most 3-point field goals missed in a game16Damon Stoudamire/James Harden
74%
Most 3-point field goals attempted in a game24Klay Thompson
63%
Most 3-point field goals made in a game14Klay Thompson
63%
Most consecutive 3-point field goals made to start a game10Ty Lawson/Klay Thompson
63%
Most points in a game without a 3-point field goal made and attempted and a free throw made and attempted48Hakeem Olajuwon
60%
Most rebounds in a game without a point, an assist, a steal, or a block20Dennis Rodman
57%
Most rebounds in a game without a point28Dennis Rodman
57%
Most free throws attempted in a game, none made11Shaquille O'Neal
57%
Most offensive rebounds in a game21Moses Malone
51%
Most assists in a game without a turnover20Rickey Green/John Lucas/Chris Paul
51%
Most points in a game without a turnover62Carmelo Anthony
49%
Most offensive rebounds in a game without a field goal attempt8Joel Anthony
49%
Most turnovers in a game without an assist10Yao Ming/Buck Williams/Bill Cartwright
49%
Most defensive rebounds in a game29Kareem Abdul-Jabbar
43%
Most free throws attempted in a game39Dwight Howard
40%
Most assists in a game without a point15Rajon Rondo
40%
Most turnovers in a game14John Drew/Jason Kidd
37%
Most assists in a game30Scott Skiles
34%
Most free throws missed in a game23Andre Drummond
34%
Most blocks in a game17Elmore Smith
31%
Most free throws made in a game(Playoffs)30Bob Cousy
29%
Most free throws made in a game, no misses(Season)23Dominique Wilkins
29%
Most points in a game off the bench51Jamal Crawford
26%
Most field goals made in a game, no misses in the modern era14Gary Payton
26%
Most rebounds in a game without an offensive rebound21Dirk Nowitzki
26%
Most free throws made in a game, no misses(Playoffs)24Dirk Nowitzki
26%
Most field goals attempted in a game, none made17Tim Hardaway,
23%
Most steals in a game11Larry Kenon/Kendall Gil
20%
Most rebounds in a game without a defensive rebound12Popeye Jones
20%
Most steals in a game without a turnover11Kendall Gil
17%
Most assists in a game without a point, a rebound, a steal, or a block11Muggsy Bogues
14%
Most points in a game without a rebound or an assist37Allan Houston
11%
Most 3-point field goals made without a 2-point field goal made10Joe Dumars
11%
Most assists in a game without a field goal attempt13Jacque Vaughn
6%
Most 3-point field goals attempted in a game, none made12Brook Lopez
6%
Most 3-point field goals made in a game, no misses9Latrell Sprewell/Ben Gordon
6%
Most blocks in a game without a rebound10Calvin Booth
3%
Most turnovers in a game without a point while fouling out7Bimbo Coles
3%
Most free throws made in a game without a field goal made15Darrick Martin
3%
Most field goals missed in a game42Joe Fulks
3%
Most field goals attempted in a game without a point14Dino Radja
3%
Most 2-point field goals missed in a game42Joe Fulks
3%
Most 3-point field goals made without a free throw attempt12Donyell Marshall
3%
Most personal fouls in a game7Cal Bowdler
3%

Score Distribution

Percentile by Number Answered

Percent of People with Each Score

Your Score History

You have not taken this quiz